000 00773nam a2200265 i 4500
001 C2-0248358
003 PPAK
005 20180727212659.0
008 030412s2003 my |||| ||||| | may d
020 _a9832472571
040 _aPPAK
_beng
_cPPAK
_erda
082 0 4 _a371.4
_223
090 0 0 _a371.4
_bSYE
_dG
100 0 _aSyed Mahadzir Syed Ibrahim,
_eauthor
245 1 0 _aSahsiah diri:
_bciri-ciri individu yang bergelar muslim
264 1 _aSeri Kembangan, Selangor :
_bPenerbitan PCT ,
_c2003
300 _a136 pages ;
_c21 cm
336 _2rdacontent
_atext
337 _2rdamedia
_aunmediated
338 _2rdacarrier
_avolume
490 1 _aSiri kaunseling menjana minda
650 1 0 _aCounseling
830 0 _aSiri kaunseling menjana minda
942 _ddc
_cB
999 _c62068
_d62068